Loading...
Literature - British Literature | 0 | 6 | 1 | 2 | 55 | 65 | 107.50 | 2 | 4 |
Religion | 0 | 4 | 0 | 0 | 40 | 54 | 93.25 | 1 | 3 |
Literature - European Literature | 0 | 4 | 0 | 2 | 40 | 89 | 117.75 | 0 | 1 |
Mythology | 0 | 3 | 0 | 2 | 30 | 121 | 134.67 | 0 | 1 |
Science - Biology | 0 | 3 | 1 | 0 | 25 | 10 | 41.33 | 2 | 3 |
Literature - World Literature | 0 | 2 | 0 | 0 | 20 | 70 | 70.50 | 0 | 2 |
Other | 0 | 2 | 0 | 0 | 20 | 103 | 115.00 | 0 | 2 |
Fine Arts - Painting & Sculpture | 0 | 2 | 0 | 1 | 20 | 92 | 116.50 | 0 | 1 |
Literature - American Literature | 0 | 2 | 0 | 0 | 20 | 87 | 92.50 | 0 | 1 |
Social Science | 0 | 2 | 1 | 0 | 15 | 72 | 77.00 | 1 | 2 |
History - World History | 0 | 2 | 1 | 0 | 15 | 45 | 54.00 | 2 | 2 |
Fine Arts - Other Fine Arts | 0 | 2 | 1 | 1 | 15 | 72 | 101.00 | 0 | 1 |
History - American History | 0 | 1 | 0 | 0 | 10 | 83 | 83.00 | 1 | 1 |
History - Other History | 0 | 1 | 0 | 0 | 10 | 76 | 76.00 | 1 | 1 |
Science - Chemistry | 0 | 0 | 1 | 0 | -5 | 0.00 | 0 | 0 |